000 00323 a2200133 4500
001 65566
040 _cAnchieta - Pituba
100 _aBenício e Zig
240 1 0 _a2ª Avaliação de Matemática, 7º ano
_lpor
245 1 0 _a2ª Avaliação de Matemática, 7º ano
362 0 _a2018
650 4 _aMatemática
942 _cBK
999 _c65566
_d65566